Коледна песен (Запис номер 480813)
[ съкратено ]
| 000 -Лидер | |
|---|---|
| Контролно поле с фиксирана дължина | 01551nam a2200337 c 4500 |
| 003 - Код на организацията, давaща контролен номер | |
| Контролно поле | BLK |
| 005 - Дата и час на последна редакция | |
| Контролно поле | 20250312105426.0 |
| 008 - Елементи от данни с фиксирана дължина | |
| fixed length control field | 221115b bul|||||r ||||||| ||bul|| |
| 010 ## - Наследен системен номер | |
| LC control number | KNG00154108000 |
| 020 ## - Международен стандартен номер на книга ISBN | |
| Международен стандартен номер на книга ISBN | 9786192406127 |
| 040 ## - Източник на каталожния запис | |
| Идентификатор на билиотеката - собственик на записа | BLK |
| 041 ## - Код за език | |
| Код за езика на текст/звукозапис или на отделно заглавие | Български |
| Код за езика КДБФ | Български |
| 080 ## - УДК | |
| Текстов определител УДК | Издания за деца и юноши. Книжки-картинки. Читанки. Вж и 372.4 |
| УДК код - определител по УДК | 087.5 |
| УДК - код + определител | 087.5:821-93-1 |
| 080 ## - УДК | |
| Текстов определител УДК | Английска литература |
| УДК код - определител по УДК | 821.111 |
| УДК - код + определител | 821.111-93-32 |
| УДК определител | -93-32 |
| 139 ## - Редно поле | |
| Редна дума | Коледна песен |
| Авторски знак | Колев - К 78 |
| 245 10 - Сведения за заглавието | |
| Заглавие | Коледна песен |
| Подзаглавни данни | Музикална книжка |
| Редно поле (дума) | по Чарс Дикенс; лит. адапт. Стефания Леонарди Хартли; ил. Фабиана Фиорини; прев. Диана Върголомова. |
| 260 ## - Област на издателските данни | |
| Място на издаване, разпространение и проч. | София |
| Име на издателя, разпространителя и проч. | ПАН |
| Година на издаване | 2022 |
| 9 (RLIN) | 209558 |
| Издателство - префикс ISBN | 978-954-660- ; 978-954-657- |
| 300 ## - Физическа характеристика | |
| Страници | 28 с. |
| Илюстрации и др. | с цв. ил. |
| Размери/Мащаб | 23Х27 см |
| 380 ## - Жанр | |
| Жанр | Детска худож. лит. |
| 650 #4 - Допълнително описание по предмет – тема | |
| Основно описание – тема или топоним | Книжки-картинки |
| 9 (RLIN) | 267880 |
| 653 ## - Ключова дума – ненормативна | |
| Ключова дума | книжки-картинки |
| 653 ## - Ключова дума – ненормативна | |
| Ключова дума | литература за деца |
| 653 ## - Ключова дума – ненормативна | |
| Ключова дума | детска литература |
| 700 ## - Други автори (авторска отговорност) | |
| Лично име | Хартли, Стефания Леонарди |
| Автороска отговорност (Описва отношението между автора и произведението) | лит. адапт. |
| 9 (RLIN) | 657 |
| 700 ## - Други автори (авторска отговорност) | |
| Лично име | Фиорини, Фабиана |
| Автороска отговорност (Описва отношението между автора и произведението) | ил. |
| 9 (RLIN) | 483305 |
| 700 1# - Други автори (авторска отговорност) | |
| Лично име | Върголомова, Диана Валериева |
| Автороска отговорност (Описва отношението между автора и произведението) | прев. |
| 9 (RLIN) | 50214 |
| 856 4# - Електронен адрес и достъп | |
| Електронен формат | pdf - файл |
| Инструкция (цена за достъп) | 0.00 |
| Права за достъп | disable |
| 856 4# - Електронен адрес и достъп | |
| Електронен формат | pdf - файл |
| Инструкция (цена за достъп) | 0.00 |
| Права за достъп | disable |
| 999 ## - СИСТЕМНИ КОНТРОЛНИ НОМЕРА | |
| Koha biblionumber | 480813 |
| Koha biblioitemnumber | 480813 |
| 942 ## - АРТИКУЛИ | |
| Вид на библиотечния материал | Книги |
| Скрит в OPAC | Не |
| Периодичен библиозапис | Да |
| Koha issues (borrowed), all copies | 32 |
| 944 ## - СЪЗДАВАНЕ И РЕДАКЦИЯ на ЗАПИСА | |
| Създаване/Редакция | Създаване |
| Дата на регистрацията/редакция | 2022-11-15 |
| Служител, извършил регистрацията/редакцията | 30538 |
| Статус, дата на статуса | Силвия Димитрова |
| Код за отписване | Код за изгубен артикул | Източник на класификационната схема | Код за повреда | Коз за рестрикции | Код за отдаване | Артикулен № | Име на библиотеката - собственик | Име на библиотеката, в която се намира в момента | Статус (Текущо местоположение) | Дата на вписване в системата | Местоположение - отдел | Цена в лева | Систематично азбучна сигнатура | Баркод | Цена в евро | Служебен тип на артикула | Инвентарен номер |
|---|---|---|---|---|---|---|---|---|---|---|---|---|---|---|---|---|---|
| Не е изгубен | Universal Decimal Classification | Не е повреден | без рестрикции | заемане за дома | 912875 | Регионална библиотека "Любен Каравелов" Русе | Регионална библиотека "Любен Каравелов" Русе | Детски отдел | 2022-11-15 | Детски отдел | 18.68 | 087.5/К 78 | 120000878750 | 9.55 | Книги | ||
| Не е изгубен | Universal Decimal Classification | Не е повреден | без рестрикции | заемане за дома | 912876 | Регионална библиотека "Любен Каравелов" Русе | Регионална библиотека "Любен Каравелов" Русе | Детски отдел | 2022-11-15 | Детски отдел | 18.68 | 087.5/К 78 | 120000878749 | 9.55 | Книги | ||
| Не е изгубен | Universal Decimal Classification | Не е повреден | заемане за дома | 913725 | Регионална библиотека "Любен Каравелов" Русе | Регионална библиотека "Любен Каравелов" Русе | Детски отдел | 2022-11-24 | Детски отдел | 18.67 | 087.5/К 78 | 120000878865 | 9.55 | Книги | |||
| Не е изгубен | Universal Decimal Classification | Не е повреден | само за читалня | ползва се в читалня | 927978 | Регионална библиотека "Любен Каравелов" Русе | Регионална библиотека "Любен Каравелов" Русе | Хранилище | 2023-05-05 | Хранилище | 24.90 | Цб 317584 | 120000887239 | 12.73 | Книги | 120000887239 |